| 000 -LEADER | |
|---|---|
| fixed length control field | 00538cam a2200181 a 4500 |
| 020 ## - INTERNATIONAL STANDARD BOOK NUMBER | |
| ISBN | 0767408179 |
| 050 00 - LIBRARY OF CONGRESS CALL NUMBER | |
| Classification number | PN4121 |
| 100 1# - MAIN ENTRY--AUTHOR NAME | |
| Personal name | Brydon, Steven Robert. |
| 245 10 - TITLE STATEMENT | |
| Title | Between one and many : |
| 250 ## - EDITION STATEMENT | |
| Edition statement | 3rd ed. |
| 260 ## - PUBLICATION, DISTRIBUTION, ETC. (IMPRINT) | |
| Place of publication | Mountain View, Calif. : |
| Name of publisher | Mayfield Pub., |
| Year of publication | c2000. |
| 300 ## - PHYSICAL DESCRIPTION | |
| Number of Pages | xxvii, 463 p. : |
| Other physical details | col. ill. ; |
| 650 #0 - SUBJECT ADDED ENTRY--TOPICAL TERM | |
| Topical Term | Public speaking. |
| 700 1# - ADDED ENTRY--PERSONAL NAME | |
| Personal name | Scott, Michael D. |
| 856 42 - ELECTRONIC LOCATION AND ACCESS | |
| Uniform Resource Identifier | http://www.loc.gov/catdir/description/mh024/99029042.html |
| Uniform Resource Identifier | http://www.loc.gov/catdir/toc/mh023/99029042.html |
| 942 ## - ADDED ENTRY ELEMENTS (KOHA) | |
| Koha item type | Books |
| Koha item type | Collection code | Shelving location | Accession Number | Permanent Location | Current Location | Date acquired | Full call number |
|---|---|---|---|---|---|---|---|
| Books | Lending | Lending | 0935 | Chapman Library | Chapman Library | 2016-03-04 | PN4121bry |
| Books | Lending | Lending | 0936 | Chapman Library | Chapman Library | 2016-03-04 | PN4121bry |

